000 00562cam a2200193 4500500
005 20260329001412.0
041 _afre
042 _adc
100 1 0 _aRoszès, Stéphane
_eauthor
245 0 0 _aNous n’avons pas les mêmes valeurs
260 _c2007.
500 _a67
690 _aDroite
690 _aGauche
690 _aPolitique
690 _aValeur
786 0 _nPhilosophie magazine | 6 | 2 | 2007-02-01 | p. 13-13 | 1951-1787
856 4 1 _uhttps://shs.cairn.info/magazine-philosophie-magazine-2007-2-page-13?lang=fr&redirect-ssocas=7080
999 _c1805076
_d1805076